[Event "25th European Teams"]
[Site "Batumi GEO"]
[Date "2025.10.13"]
[Round "8.18"]
[Board "2"]
[White "Melaugh, Shane"]
[Black "Sipila, Vilka"]
[Result "0-1"]
[WhiteTitle "CM"]
[BlackTitle "IM"]
[WhiteElo "2192"]
[BlackElo "2487"]
[WhiteTeam "Ireland"]
[BlackTeam "Finland"]
[WhiteFideId "2509580"]
[BlackFideId "505455"]
[EventDate "2025.10.05"]

1. e4 e5 2. Nf3 Nc6 3. Nc3 Nf6 4. d4 exd4 5. Nxd4 Bb4 6. Nxc6 bxc6 7. Bd3 O-O 8.
O-O d5 9. Bd2 Rb8 10. Re1 Bg4 11. Qc1 Re8 12. a3 Bd6 13. h3 Bh5 14. exd5 Rxe1+
15. Qxe1 cxd5 16. b4 Bg6 17. Qe3 d4 18. Qf3 dxc3 19. Bxc3 Bxd3 20. Qxd3 Nd5 21.
Bd4 a5 22. bxa5 c5 23. Bc3 Nxc3 24. Qxc3 Ra8 25. g3 Qxa5 26. Qd3 Bf8 27. Kg2 g6
28. Ra2 Qa4 29. c4 Rb8 30. Re2 Rb3 31. Qd8 Qc6+ 32. Kh2 Rb1 33. Qd5 Qxd5 34.
cxd5 Rd1 35. Re5 f6 36. Re6 Kf7 37. a4 Rxd5 38. Rc6 Rd2 39. Kg2 Ra2 40. Ra6 c4
41. a5 Bc5 42. Rc6 Rxa5 0-1

[Event "25th European Teams"]
[Site "Batumi GEO"]
[Date "2025.10.13"]
[Round "8.18"]
[Board "3"]
[White "Sklyarov, Dmitry V."]
[Black "Tureshbayev, Anuar"]
[Result "1/2-1/2"]
[WhiteTitle "IM"]
[BlackTitle "CM"]
[WhiteElo "2428"]
[BlackElo "2285"]
[WhiteTeam "Finland"]
[BlackTeam "Ireland"]
[WhiteFideId "4157052"]
[BlackFideId "651081709"]
[EventDate "2025.10.05"]

1. Nf3 d5 2. d4 Nf6 3. e3 Bf5 4. c4 e6 5. Nc3 c6 6. Bd3 Bxd3 7. Qxd3 Nbd7 8. O-O
Be7 9. e4 dxe4 10. Nxe4 c5 11. Rd1 O-O 12. Be3 Qc7 13. Nxc5 Nxc5 14. dxc5 Bxc5
15. Bxc5 Qxc5 16. Qd4 Qc7 17. Ne5 Rad8 18. Qe3 Qa5 19. a3 Qa4 20. Rd2 Qa5 21.
Rad1 Rxd2 22. Rxd2 Ne4 23. Rd4 Qxe5 24. Qxe4 Qxe4 25. Rxe4 Rd8 26. Kf1 Rd2 27.
Re2 Rd1+ 28. Re1 Rd2 29. Re2 Rd1+ 30. Re1 Rd2 1/2-1/2

[Event "25th European Teams"]
[Site "Batumi GEO"]
[Date "2025.10.13"]
[Round "8.18"]
[Board "4"]
[White "O'Gorman, Alice"]
[Black "Sammalvuo, Tapani"]
[Result "1/2-1/2"]
[BlackTitle "IM"]
[WhiteElo "1960"]
[BlackElo "2376"]
[WhiteTeam "Ireland"]
[BlackTeam "Finland"]
[WhiteFideId "2508214"]
[BlackFideId "501115"]
[EventDate "2025.10.05"]

1. e4 e5 2. Nc3 Nf6 3. g3 d5 4. exd5 Nxd5 5. Bg2 Nxc3 6. bxc3 Nc6 7. Nf3 Bc5 8.
O-O O-O 9. Re1 Re8 10. d4 exd4 11. Rxe8+ Qxe8 12. cxd4 Bd6 13. Be3 Bg4 14. h3
Bf5 15. c4 Rd8 16. Qb3 Be4 17. Rc1 b6 18. d5 Na5 19. Qc3 Qa4 20. Bd4 f6 21. h4
Qd7 22. Re1 Re8 23. Kh2 c5 24. Be3 Qg4 25. Bd2 Re7 26. Kg1 Qf5 27. Re3 Bxf3 28.
Bxf3 Qb1+ 29. Kg2 Be5 30. Rxe5 Rxe5 31. d6 Qf5 32. Bf4 Re8 33. h5 h6 34. Qd2 Kh8
35. Qd5 Qd7 36. Be4 Rd8 37. Bf3 Rc8 38. Be4 Rd8 39. Bf3 Qa4 40. Be4 Qd7 41. Bf3
Qa4 42. Be4 Qd7 1/2-1/2

[Event "25th European Teams"]
[Site "Batumi GEO"]
[Date "2025.10.13"]
[Round "8.19"]
[Board "1"]
[White "Nielsen, Hogni Egilstoft"]
[Black "Sousa, Andre Ventura"]
[Result "1/2-1/2"]
[WhiteTitle "IM"]
[BlackTitle "IM"]
[WhiteElo "2389"]
[BlackElo "2433"]
[WhiteTeam "Faroe Islands"]
[BlackTeam "Portugal"]
[WhiteFideId "7200404"]
[BlackFideId "1917617"]
[EventDate "2025.10.05"]

1. e4 e5 2. Nf3 Nc6 3. Bc4 Nf6 4. d3 h6 5. Nbd2 d6 6. a4 g6 7. Nf1 Bg7 8. Ng3
O-O 9. O-O d5 10. exd5 Nxd5 11. a5 a6 12. c3 Be6 13. Re1 Kh7 14. Ne4 b6 15. axb6
cxb6 16. Rxa6 Rxa6 17. Bxa6 Nc7 18. Qa4 Bd7 19. Bc4 Na5 20. Qb4 Nxc4 21. Qxc4
Bb5 22. Qb4 Bxd3 23. Qxb6 Ne6 24. Qxd8 Rxd8 25. Ng3 Rd5 26. Rd1 e4 27. Ne1 Nc5
28. f3 f5 29. Nf1 Rd7 30. fxe4 fxe4 31. Be3 Na4 32. Nxd3 exd3 33. Rd2 Rb7 34.
Rxd3 Nxb2 35. Rd8 Bxc3 1/2-1/2

[Event "25th European Teams"]
[Site "Batumi GEO"]
[Date "2025.10.13"]
[Round "8.19"]
[Board "2"]
[White "Barria, Jose"]
[Black "Apol, Luitjen Akselsson"]
[Result "1-0"]
[WhiteTitle "FM"]
[BlackTitle "FM"]
[WhiteElo "2376"]
[BlackElo "2318"]
[WhiteTeam "Portugal"]
[BlackTeam "Faroe Islands"]
[WhiteFideId "1939300"]
[BlackFideId "7202466"]
[EventDate "2025.10.05"]

1. e4 c5 2. Nf3 d6 3. d4 cxd4 4. Nxd4 Nf6 5. Nc3 a6 6. Rg1 e5 7. Nb3 Be6 8. g4
d5 9. exd5 Nxd5 10. Nxd5 Qxd5 11. Qxd5 Bxd5 12. Be3 Nc6 13. c3 O-O-O 14. Nd2 Be7
15. a4 Rde8 16. Bc4 Bxc4 17. Nxc4 Rd8 18. Ke2 Rhe8 19. Rgd1 Rxd1 20. Rxd1 Rd8
21. Nb6+ Kb8 22. Nd5 Kc8 23. Kf3 h6 24. Ke4 Bh4 25. b4 b5 26. axb5 axb5 27. Bb6
Rd7 28. Bc5 Kb7 29. Ne3 Rxd1 30. Nxd1 g6 31. Be3 Bg5 32. Bxg5 hxg5 33. Ne3 Kc7
34. Kd5 Kd7 35. f3 Kc7 36. Kc5 Na7 37. c4 bxc4 38. Nxc4 f6 39. b5 Nc8 40. b6+
Kb7 41. Na5+ Kb8 42. b7 Na7 43. Kb6 f5 44. Nb3 e4 45. Nc5 Nc8+ 46. bxc8=Q+ Kxc8
47. fxe4 1-0

[Event "25th European Teams"]
[Site "Batumi GEO"]
[Date "2025.10.13"]
[Round "8.19"]
[Board "3"]
[White "Egilstoft, Rogvi"]
[Black "Martins, Bruno Andre Leite"]
[Result "1-0"]
[WhiteTitle "FM"]
[BlackTitle "FM"]
[WhiteElo "2304"]
[BlackElo "2363"]
[WhiteTeam "Faroe Islands"]
[BlackTeam "Portugal"]
[WhiteFideId "7200447"]
[BlackFideId "1942255"]
[EventDate "2025.10.05"]

1. e4 e6 2. Nf3 d5 3. Nc3 d4 4. Ne2 c5 5. c3 Nf6 6. e5 Nfd7 7. cxd4 cxd4 8.
Nexd4 Nxe5 9. Bb5+ Nec6 10. O-O Be7 11. b3 Bd7 12. Nc2 Bf6 13. d4 O-O 14. Bd3
Na6 15. Ba3 Re8 16. Bxa6 bxa6 17. Ne3 e5 18. d5 Nd4 19. Bb2 Nxf3+ 20. Qxf3 e4
21. Bxf6 exf3 22. Bxd8 fxg2 23. Kxg2 Raxd8 24. Rac1 Rc8 25. Kf3 Kf8 26. Rxc8
Rxc8 27. Ke4 a5 28. Kd4 a4 29. bxa4 Rb8 30. Rc1 Rb4+ 31. Rc4 Rxc4+ 32. Nxc4 Bxa4
33. Kc5 Ke7 34. Ne5 a6 35. Nc6+ Kd7 36. Nb8+ Ke7 37. Nxa6 f5 38. Nb4 g5 39. Nc6+
Kd7 40. Ne5+ Ke7 41. Nc4 h5 42. Nb6 Bd1 43. a4 f4 44. a5 Be2 45. Nc4 Kd8 46. a6
Kc8 47. d6 Bf3 48. Nb6+ Kb8 49. a7+ 1-0

[Event "25th European Teams"]
[Site "Batumi GEO"]
[Date "2025.10.13"]
[Round "8.19"]
[Board "4"]
[White "Martins, David Pires Tavares"]
[Black "Poulsen, Martin"]
[Result "1-0"]
[WhiteTitle "IM"]
[BlackTitle "FM"]
[WhiteElo "2430"]
[BlackElo "2276"]
[WhiteTeam "Portugal"]
[BlackTeam "Faroe Islands"]
[WhiteFideId "1909991"]
[BlackFideId "7200315"]
[EventDate "2025.10.05"]

1. d4 f5 2. Bg5 h6 3. Bh4 g5 4. Bg3 Nf6 5. e3 Bg7 6. c4 c5 7. Nf3 cxd4 8. Nxd4
Nc6 9. Nc3 Nxd4 10. Qxd4 O-O 11. c5 Ne4 12. Be5 Bxe5 13. Qxe5 Nxc3 14. Qxc3 b6
15. c6 dxc6 16. h4 g4 17. Qxc6 Qd6 18. Bc4+ Kg7 19. Qxd6 exd6 20. Bd5 Rb8 21.
Rc1 Kf6 22. O-O Ke5 23. Bb3 Rb7 24. Rfd1 Be6 25. Bxe6 Kxe6 26. Rc6 Rd7 27. Kh2
f4 28. exf4 Rxf4 29. Kg3 Rf5 30. Re1+ Kd5 31. Rc8 h5 32. Ree8 Rdf7 33. Rc2 Re5
34. Rd2+ Kc6 35. Rxe5 dxe5 36. Rd8 Rf5 37. Rd3 Rf8 38. f3 gxf3 39. Rxf3 Rg8+ 40.
Kf2 Kd5 41. Rf5 Rc8 42. Rxh5 Rc2+ 43. Kg3 Rxb2 44. Rh8 Ke6 45. Rf8 e4 46. h5 e3
47. h6 e2 48. Re8+ Kf7 49. h7 e1=Q+ 50. Rxe1 Kg7 51. Re7+ Kh8 52. Kh3 Rxa2 53.
g4 Ra1 54. Kg2 Ra2+ 55. Kg3 Ra1 56. g5 Rh1 57. Kg4 Rxh7 58. Re8+ Kg7 59. Kf5 Rh1
60. Re7+ Kf8 61. Rxa7 Rc1 62. Kg6 Rc2 63. Ra8+ Ke7 64. Kg7 Rg2 65. g6 Rg1 66.
Rb8 Rg2 67. Rxb6 Rg1 68. Kg8 Rg2 69. g7 Rh2 70. Rb4 Rg2 71. Rh4 Kf6 72. Rh6+ Ke7
73. Kh8 Kf7 74. Rh7 1-0

[Event "25th European Teams"]
[Site "Batumi GEO"]
[Date "2025.10.13"]
[Round "8.20"]
[Board "1"]
[White "Saraci, Nderim"]
[Black "Waldhausen Gordon, Frederick"]
[Result "0-1"]
[WhiteTitle "IM"]
[BlackTitle "FM"]
[WhiteElo "2445"]
[BlackElo "2389"]
[WhiteTeam "Kosovo"]
[BlackTeam "Scotland"]
[WhiteFideId "6351921"]
[BlackFideId "2409143"]
[EventDate "2025.10.05"]

1. d4 d5 2. c4 e6 3. Nc3 Nf6 4. Bg5 Be7 5. e3 Nbd7 6. Nf3 h6 7. Bh4 O-O 8. Qc2
b6 9. cxd5 exd5 10. Be2 Bb7 11. O-O Rc8 12. Rfd1 c6 13. Rac1 Re8 14. Qb1 g6 15.
b4 a6 16. Ne5 Nxe5 17. dxe5 Nd7 18. Bxe7 Qxe7 19. Bg4 Nxe5 20. Bxc8 Bxc8 21. Rd4
Qg5 22. Ne2 Nf3+ 23. Kh1 Qh5 24. gxf3 Qxf3+ 25. Kg1 Bh3 26. Nf4 Re5 27. Nxh3
Qxh3 28. Rxd5 cxd5 0-1

[Event "25th European Teams"]
[Site "Batumi GEO"]
[Date "2025.10.13"]
[Round "8.20"]
[Board "2"]
[White "Muir, Andrew J"]
[Black "Uruci, Endrit"]
[Result "0-1"]
[WhiteTitle "IM"]
[BlackTitle "FM"]
[WhiteElo "2157"]
[BlackElo "2347"]
[WhiteTeam "Scotland"]
[BlackTeam "Kosovo"]
[WhiteFideId "2400138"]
[BlackFideId "22100199"]
[EventDate "2025.10.05"]

1. d4 d5 2. c4 c6 3. Nc3 Nf6 4. Nf3 dxc4 5. a4 Bf5 6. Ne5 e6 7. f3 Bb4 8. Nxc4
O-O 9. Kf2 c5 10. Na2 Nc6 11. Nxb4 Nxb4 12. e4 Bxe4 13. fxe4 Nxe4+ 14. Kg1 cxd4
15. Qf3 f5 16. Bf4 Re8 17. Rd1 Nc6 18. Ne5 Qd5 19. Nxc6 bxc6 20. b3 Kh8 21. Bc4
Qc5 22. g3 Nc3 23. Re1 e5 24. Bc1 e4 25. Qf1 Rad8 26. Kg2 Nd5 27. Qf2 Nb6 28.
Bf7 Rf8 29. Bg5 Rc8 30. Rc1 Qe5 31. Bc4 d3 32. Ba6 Rce8 33. Rhe1 Qd5 34. Rc5 Qe6
35. Bxd3 Qg6 36. Bxe4 fxe4 37. Qc2 Nd5 38. Be3 Qg4 39. Qe2 Rf3 40. Bc1 h5 41.
Rc4 Qf5 42. Rxc6 Nb4 43. Rc4 Nd3 44. Rf1 Rf8 45. Bf4 Nxf4+ 46. gxf4 Qg4+ 47. Kh1
Rxf1+ 48. Qxf1 Rxf4 49. Rc8+ Kh7 50. Qc4 Qf3+ 0-1

[Event "25th European Teams"]
[Site "Batumi GEO"]
[Date "2025.10.13"]
[Round "8.20"]
[Board "3"]
[White "Saraci, Korab"]
[Black "Grant, Jonathan I M"]
[Result "1/2-1/2"]
[WhiteTitle "CM"]
[WhiteElo "2197"]
[BlackElo "2134"]
[WhiteTeam "Kosovo"]
[BlackTeam "Scotland"]
[WhiteFideId "4701968"]
[BlackFideId "2400294"]
[EventDate "2025.10.05"]

1. Nf3 Nf6 2. d4 d5 3. g3 b5 4. Bg2 e6 5. O-O Bb7 6. c3 Nbd7 7. a4 a6 8. Nbd2
Be7 9. b4 O-O 10. Nb3 Ne4 11. Qc2 f5 12. Na5 Qc8 13. Nd2 Nb6 14. axb5 axb5 15.
Ndb3 Nc4 16. f3 Nxa5 17. Nxa5 Nd6 18. Bf4 Nc4 19. Nxc4 Rxa1 20. Rxa1 dxc4 21.
Qd2 Qd7 22. Ra7 Qc6 23. Be5 Ra8 24. Rxa8+ Bxa8 25. Qf4 Qa6 26. Kf2 Bd6 27. h4
Bb7 28. Bh3 g6 29. h5 Bxe5 30. Qxe5 gxh5 31. Qxc7 Qa8 32. Qd7 Bd5 33. Qxb5 h4
34. Qd7 hxg3+ 35. Kxg3 Qf8 36. f4 Qf6 37. Qe8+ Kg7 38. Qh5 h6 39. Qe8 Kh7 40. b5
Qg7+ 41. Kf2 Qc7 42. e3 Qa7 43. Bf1 Qa3 44. Qf7+ Kh8 45. Qf6+ Kh7 46. e4 fxe4
47. f5 Qxc3 48. Qf7+ Kh8 49. Qf8+ Kh7 50. Qf7+ Kh8 51. Qf8+ 1/2-1/2

[Event "25th European Teams"]
[Site "Batumi GEO"]
[Date "2025.10.13"]
[Round "8.20"]
[Board "4"]
[White "Morrison, Chris"]
[Black "Krasniqi, Alban"]
[Result "1/2-1/2"]
[WhiteElo "2174"]
[BlackElo "2131"]
[WhiteTeam "Scotland"]
[BlackTeam "Kosovo"]
[WhiteFideId "2400235"]
[BlackFideId "22101381"]
[EventDate "2025.10.05"]

1. e4 c6 2. d3 d5 3. Nd2 e5 4. Ngf3 Bd6 5. d4 exd4 6. Bd3 dxe4 7. Nxe4 Nf6 8.
Nxd6+ Qxd6 9. O-O O-O 10. Nxd4 Rd8 11. Nf3 Bf5 12. Bg5 Bxd3 13. Qxd3 Qxd3 14.
cxd3 Nbd7 15. Rfe1 Re8 16. Kf1 Nd5 17. Rxe8+ Rxe8 18. Re1 Ra8 19. Ke2 f6 20. Bc1
Kf7 21. a3 a5 22. Be3 a4 23. Kd2 g6 24. g4 Re8 25. h4 Ne5 26. Nxe5+ Rxe5 27. Bh6
Rxe1 28. Kxe1 f5 29. gxf5 gxf5 30. Ke2 Kg6 31. Bg5 Nc7 32. Kf3 Ne6 33. Be7 Kf7
34. Bb4 Ke8 35. Bc3 Kd7 36. Be5 c5 37. Bc3 Kd6 38. Bf6 Kd5 39. Ke3 c4 40. Bc3 h5
41. dxc4+ Kxc4 42. Bf6 b5 43. f3 b4 44. axb4 Kxb4 45. Bc3+ Kb3 46. Kd3 Nf4+ 47.
Kd2 Nd5 48. Bg7 Kc4 49. Bh8 Nf4 50. Bg7 Ne6 51. Bf6 Nc7 52. Bg7 Nd5 53. Bh8 Kb3
54. Bd4 f4 55. Kd3 Ne3 56. Kd2 Nc4+ 57. Kc1 Nd6 58. Be5 Nf5 59. Bf6 Nd6 60. Bd4
Kc4 61. Be5 Nf5 62. Bxf4 Nxh4 63. Kd2 Nxf3+ 64. Ke3 Ne1 65. Be5 Kb3 66. Ke2 Nc2
67. Kd2 h4 68. Ke2 Nb4 69. Kf3 Nd3 70. Bd6 Kxb2 71. Kg4 Kb3 72. Kxh4 Nb4 73. Kg3
a3 74. Kf3 a2 75. Be5 Nd3 76. Ba1 Nb2 77. Ke2 Kc2 78. Ke1 Kb1 79. Kd2 Kxa1 80.
Kc1 Nd1 81. Kc2 Nc3 82. Kc1 Nb5 83. Kc2 Nc7 84. Kc1 Ne6 85. Kc2 Nf4 86. Kc1 Ne2+
87. Kc2 Nc1 88. Kxc1 1/2-1/2

[Event "25th European Teams"]
[Site "Batumi GEO"]
[Date "2025.10.14"]
[Round "9.1"]
[Board "1"]
[White "Mamedyarov, Shakhriyar"]
[Black "Sarana, Alexey"]
[Result "0-1"]
[WhiteTitle "GM"]
[BlackTitle "GM"]
[WhiteElo "2742"]
[BlackElo "2661"]
[WhiteTeam "Azerbaijan"]
[BlackTeam "Serbia"]
[WhiteFideId "13401319"]
[BlackFideId "24133795"]
[EventDate "2025.10.05"]

1. c4 e6 2. Nc3 d5 3. d4 Nf6 4. Bg5 Bb4 5. cxd5 exd5 6. Qb3 c5 7. dxc5 Nc6 8. e3
Be6 9. Bb5 Bxc5 10. Rd1 O-O 11. Nge2 a6 12. Bxc6 bxc6 13. Qa4 Bd7 14. O-O Be7
15. Nd4 h6 16. Bh4 Qc7 17. Qc2 Rac8 18. Rc1 Qa7 19. Rfd1 Rfd8 20. Nf5 Bxf5 21.
Qxf5 a5 22. b3 g5 23. Bg3 Qd7 24. Qxd7 Nxd7 25. Bc7 Rxc7 26. Nxd5 cxd5 27. Rxc7
Bd6 28. Ra7 Nf6 29. Rxa5 Rc8 30. Ra6 Be5 31. a4 Rc2 32. g3 g4 33. a5 Ra2 34. b4
Kg7 35. b5 Ne4 36. Rxd5 Ra1+ 37. Kg2 Ng5 38. h3 gxh3+ 39. Kh2 Bxg3+ 40. fxg3
Ra2+ 41. Kg1 h2+ 0-1

[Event "25th European Teams"]
[Site "Batumi GEO"]
[Date "2025.10.14"]
[Round "9.1"]
[Board "2"]
[White "Indjic, Aleksandar"]
[Black "Mamedov, Rauf"]
[Result "1-0"]
[WhiteTitle "GM"]
[BlackTitle "GM"]
[WhiteElo "2618"]
[BlackElo "2655"]
[WhiteTeam "Serbia"]
[BlackTeam "Azerbaijan"]
[WhiteFideId "911925"]
[BlackFideId "13401653"]
[EventDate "2025.10.05"]

1. d4 d5 2. c4 e6 3. Nf3 c5 4. cxd5 exd5 5. Bg5 Nf6 6. Bxf6 Qxf6 7. Nc3 Be6 8.
e3 c4 9. a3 Be7 10. g3 O-O 11. Bg2 Nc6 12. Ng1 Rfd8 13. Nge2 Bf8 14. Nf4 Ne7 15.
b3 Rac8 16. h4 g6 17. O-O Bh6 18. Nxe6 fxe6 19. Rb1 b6 20. a4 Kh8 21. bxc4 Rxc4
22. Nb5 e5 23. Qb3 exd4 24. Nxd4 Bg7 25. Rbd1 a5 26. Bh3 Rb4 27. Qc2 Rc4 28. Qa2
Rd6 29. Rc1 Qf7 30. Rxc4 dxc4 31. Nb5 Rc6 32. Rd1 h6 33. Bg2 Rc5 34. Nd6 Qe6 35.
Bf1 Rd5 36. Rxd5 Nxd5 37. Nxc4 Nb4 38. Qd2 Nd5 39. Bg2 Nc3 40. Qd8+ Kh7 41. Nxb6
Qf5 42. Bd5 Qb1+ 43. Kh2 Nxd5 44. Nxd5 Qa2 45. Nf6+ Bxf6 46. Qxf6 Qxa4 47. Qf7+
Kh8 48. Qxg6 Qa2 49. Qxh6+ Kg8 50. Qg6+ Kh8 51. Qf6+ Kg8 52. h5 a4 53. Qd8+ Kh7
54. Qf8 Qe6 55. Kg1 Qg4 56. Qf7+ Kh6 57. Kg2 Qe4+ 58. f3 Qc2+ 59. Kh3 a3 60. g4
Qb1 61. Qf8+ Kh7 62. Qxa3 Qe1 63. Qe7+ Kh8 64. g5 Qh1+ 65. Kg3 Qg1+ 66. Kf4 1-0

[Event "25th European Teams"]
[Site "Batumi GEO"]
[Date "2025.10.14"]
[Round "9.1"]
[Board "3"]
[White "Safarli, Eltaj"]
[Black "Ivic, Velimir"]
[Result "1-0"]
[WhiteTitle "GM"]
[BlackTitle "GM"]
[WhiteElo "2630"]
[BlackElo "2628"]
[WhiteTeam "Azerbaijan"]
[BlackTeam "Serbia"]
[WhiteFideId "13402129"]
[BlackFideId "950122"]
[EventDate "2025.10.05"]

1. e4 c5 2. Nf3 d6 3. Nc3 Nf6 4. d4 cxd4 5. Qxd4 Nc6 6. Bb5 Bd7 7. Qd3 g6 8. Bg5
Bg7 9. O-O-O Ng4 10. Qd2 h6 11. h3 Nxf2 12. Bxe7 Qxe7 13. Qxf2 O-O 14. Qd2 a6
15. Ba4 Be6 16. Bxc6 bxc6 17. Qxd6 Qb7 18. Nd4 Rab8 19. Qa3 Qa7 20. Qa4 Rfd8 21.
Nb3 Qe3+ 22. Kb1 c5 23. Nd5 Qg5 24. g4 Qe5 25. c3 Bd7 26. Qc4 a5 27. a4 Bc6 28.
Nxa5 Be8 29. Nb3 Kh8 30. Rhe1 Ra8 31. Nb6 Rab8 32. a5 Rxd1+ 33. Rxd1 Bc6 34.
Nxc5 Qe8 35. e5 Bb5 36. Qb4 Be2 37. Re1 Bf3 38. e6 fxe6 39. Qf4 Ba8 40. Nxe6 1-0

[Event "25th European Teams"]
[Site "Batumi GEO"]
[Date "2025.10.14"]
[Round "9.1"]
[Board "4"]
[White "Markus, Robert"]
[Black "Suleymanli, Aydin"]
[Result "1-0"]
[WhiteTitle "GM"]
[BlackTitle "GM"]
[WhiteElo "2535"]
[BlackElo "2614"]
[WhiteTeam "Serbia"]
[BlackTeam "Azerbaijan"]
[WhiteFideId "921637"]
[BlackFideId "13413937"]
[EventDate "2025.10.05"]

1. c4 Nf6 2. g3 e6 3. Bg2 d5 4. Nf3 Be7 5. d4 O-O 6. Nc3 Nbd7 7. Qd3 b6 8. cxd5
Nxd5 9. O-O Bb7 10. Rd1 c5 11. Nxd5 exd5 12. dxc5 bxc5 13. Qf5 Nf6 14. Bg5 Ne4
15. Bxe7 Qxe7 16. Qe5 Qd8 17. Rac1 Qb6 18. Rc2 Rad8 19. Qf4 Rfe8 20. Nd2 f5 21.
h4 c4 22. e3 Rf8 23. Nf3 Rde8 24. Nd4 g6 25. b3 Rc8 26. Rdc1 Ba6 27. Qe5 Qb7 28.
Bf1 Rfe8 29. Qf4 c3 30. Be2 Bxe2 31. Nxe2 Qg7 32. f3 g5 33. hxg5 Nxg5 34. Kg2
Re5 35. Rxc3 Rce8 36. Rc8 Qh6 37. Rxe8+ Rxe8 38. Qxf5 1-0

[Event "25th European Teams"]
[Site "Batumi GEO"]
[Date "2025.10.14"]
[Round "9.2"]
[Board "1"]
[White "Ponomariov, Ruslan"]
[Black "Vitiugov, Nikita"]
[Result "1/2-1/2"]
[WhiteTitle "GM"]
[BlackTitle "GM"]
[WhiteElo "2633"]
[BlackElo "2654"]
[WhiteTeam "Ukraine"]
[BlackTeam "England"]
[WhiteFideId "14103320"]
[BlackFideId "4152956"]
[EventDate "2025.10.05"]

1. e4 e5 2. Nf3 Nc6 3. Nc3 Nf6 4. d4 exd4 5. Nxd4 Bb4 6. Nxc6 bxc6 7. Bd3 O-O 8.
O-O d5 9. exd5 cxd5 10. h3 c6 11. Qf3 Re8 12. Bf4 Bd6 13. Rfe1 Be6 14. Rad1 Bxf4
15. Qxf4 Qb8 16. Qxb8 Raxb8 17. Na4 Nd7 18. c4 Nb6 19. cxd5 Nxa4 20. dxe6 Nxb2
21. exf7+ Kxf7 22. Rxe8 Rxe8 23. Rd2 Nxd3 24. Rxd3 Re1+ 25. Kh2 Re2 26. Ra3 Rxf2
27. Rxa7+ Kf6 28. Rc7 Rxa2 29. Rxc6+ Kf7 30. Rc7+ Kf6 1/2-1/2

[Event "25th European Teams"]
[Site "Batumi GEO"]
[Date "2025.10.14"]
[Round "9.2"]
[Board "2"]
[White "Adams, Michael"]
[Black "Korobov, Anton"]
[Result "1/2-1/2"]
[WhiteTitle "GM"]
[BlackTitle "GM"]
[WhiteElo "2646"]
[BlackElo "2596"]
[WhiteTeam "England"]
[BlackTeam "Ukraine"]
[WhiteFideId "400041"]
[BlackFideId "14105730"]
[EventDate "2025.10.05"]

1. e4 c5 2. Nf3 e6 3. g3 Nc6 4. Bg2 Nf6 5. d3 d5 6. Qe2 g6 7. Bg5 dxe4 8. dxe4
h6 9. Bxf6 Qxf6 10. e5 Qe7 11. Na3 Bg7 12. O-O O-O 13. Nc4 Rb8 14. Rad1 b5 15.
Nd6 Rb6 16. Nxb5 a6 17. Nd6 Rxb2 18. Rd2 Rxa2 19. Rfd1 Qc7 20. h4 Nd4 21. Qc4
Nxf3+ 22. Bxf3 Ra3 23. Qe4 h5 24. Bg2 c4 25. Kh2 Bd7 26. Nxc4 Rc3 27. Nd6 Bc6
28. Qe2 Bxg2 29. Kxg2 a5 30. Kh2 Rc5 31. f4 a4 32. c4 Ra8 33. Qe4 Qc6 34. Qxc6
Rxc6 35. Ra2 Bf8 36. Rda1 Bxd6 37. exd6 Rxc4 38. d7 Rd8 39. Rxa4 Rc2+ 40. Kh3
Rxd7 41. R1a2 Rcc7 42. R4a3 Kg7 43. Re3 Kf6 44. Rae2 Rd5 45. Kg2 Rcc5 46. Kf3
Kf5 47. Re1 Rb5 48. R1e2 Ra5 49. Re1 Ra2 50. Re5+ Kf6 51. R5e3 Rdd2 52. Rf1 Rdb2
53. Rc3 Rb5 54. Rf2 Rxf2+ 55. Kxf2 Kf5 56. Kf3 f6 57. Ra3 Rd5 58. Rc3 e5 59.
fxe5 fxe5 60. Rc4 Rd3+ 61. Kf2 e4 62. Rc5+ Kg4 63. Rg5+ Kh3 64. Rxg6 Rf3+ 65.
Ke2 Rxg3 66. Re6 Rg4 67. Re5 Kxh4 68. Ke3 Rg5 69. Rxe4+ Kg3 70. Ke2 Kg2 71. Kd2
Rg4 72. Re2+ Kh1 73. Ke3 h4 74. Kf3 Rg3+ 75. Kf4 Rg2 76. Re1+ Kh2 77. Kf3 h3 78.
Ra1 Rg8 79. Ra2+ Rg2 80. Ra1 Rg3+ 81. Kf2 Rg8 82. Kf3 1/2-1/2

[Event "25th European Teams"]
[Site "Batumi GEO"]
[Date "2025.10.14"]
[Round "9.2"]
[Board "3"]
[White "Kovalenko, Igor"]
[Black "Maroroa Jones, Gawain C B"]
[Result "1/2-1/2"]
[WhiteTitle "GM"]
[BlackTitle "GM"]
[WhiteElo "2669"]
[BlackElo "2643"]
[WhiteTeam "Ukraine"]
[BlackTeam "England"]
[WhiteFideId "14117908"]
[BlackFideId "409561"]
[EventDate "2025.10.05"]

1. e4 e5 2. Nf3 Nc6 3. Bb5 Nf6 4. d3 d6 5. O-O Bd7 6. Re1 g6 7. d4 Bg7 8. dxe5
Nxe5 9. Nc3 Bxb5 10. Nxb5 Qd7 11. a4 Nxf3+ 12. Qxf3 O-O 13. Bg5 Ng4 14. h3 Ne5
15. Qb3 Nc6 16. c3 a6 17. Na3 Rab8 18. Qd5 b5 19. axb5 axb5 20. Nc2 h6 21. Ra6
Ne5 22. Bf4 c6 23. Qd2 Nc4 24. Qc1 g5 25. Bg3 Qb7 26. Ra2 Rbe8 27. Nd4 c5 28.
Nf5 Rxe4 29. b3 Nb6 30. Rd1 Re6 31. Bxd6 Rc8 32. Bg3 Ra8 33. Rad2 Qe4 34. Nxg7
Kxg7 35. f3 Qf5 36. Bf2 Kh7 37. Qb2 Rae8 38. Kh1 Re5 39. Bg3 Rd5 40. Qa2 Red8
41. Rxd5 Nxd5 42. Qf2 Rc8 43. Qd2 Nf4 44. Bxf4 Qxf4 45. Qd3+ Kg7 46. Qxb5 h5 47.
Qd7 Rb8 48. Qd5 Qe3 49. Qc4 Ra8 50. Qd3 Qxd3 51. Rxd3 Ra1+ 52. Kh2 Rb1 53. c4
Kg6 54. Rd5 h4 55. Rxc5 Rxb3 56. Rc8 Rc3 57. c5 Kf5 58. c6 Rc1 59. Rf8 f6 60.
Rc8 Kf4 1/2-1/2

[Event "25th European Teams"]
[Site "Batumi GEO"]
[Date "2025.10.14"]
[Round "9.2"]
[Board "4"]
[White "McShane, Luke J"]
[Black "Samunenkov, Ihor"]
[Result "0-1"]
[WhiteTitle "GM"]
[BlackTitle "GM"]
[WhiteElo "2614"]
[BlackElo "2568"]
[WhiteTeam "England"]
[BlackTeam "Ukraine"]
[WhiteFideId "404853"]
[BlackFideId "14187086"]
[EventDate "2025.10.05"]

1. e4 e5 2. Nf3 Nf6 3. Nxe5 d6 4. Nf3 Nxe4 5. Nc3 Nxc3 6. dxc3 Be7 7. Be3 O-O 8.
Qd2 Nd7 9. O-O-O Nf6 10. Bd3 Re8 11. Rhe1 Bg4 12. h3 Bxf3 13. gxf3 d5 14. h4 Qd6
15. h5 Nxh5 16. Rh1 Nf6 17. Rdg1 Bf8 18. Bf4 Qc6 19. Bg5 g6 20. Bb5 Qxb5 21.
Bxf6 Qa6 22. Qf4 h6 23. Kb1 Re6 24. Bd4 Rae8 25. a3 c5 26. Bxc5 Bg7 27. Be3 h5
28. Qb4 Rc8 29. f4 Rc4 30. Qb3 Rf6 31. Rg5 Qc6 32. Rd1 Rd6 33. f5 Bh6 34. Rg3
Bxe3 35. Rxe3 b5 36. fxg6 fxg6 37. Rde1 Rf6 38. Re8+ Kg7 39. R1e7+ Kh6 40. a4 a6
41. axb5 axb5 42. Qa3 Rxf2 43. Rh7+ Kg5 44. Re1 Qf6 45. Rd7 Qf5 46. Qe7+ Kg4 47.
Rc1 Re4 48. Qc5 Rf1 49. Rxd5 Rxc1+ 50. Kxc1 Qf4+ 51. Kb1 Re1+ 52. Ka2 Qa4+ 53.
Qa3 Qxa3+ 54. Kxa3 h4 55. Rd4+ Kh5 56. Rd8 h3 57. Rh8+ Kg4 58. Kb4 Kg3 59. Rh6
g5 60. Kxb5 h2 0-1